| 000 | 01417nam a2200217Ia 4500 | ||
|---|---|---|---|
| 003 | Ost | ||
| 005 | 20260507075623.0 | ||
| 008 | 260507s9999||||xx |||||||||||||| ||und|| | ||
| 020 | _a9789931781562 | ||
| 040 | _cfsecg | ||
| 041 | _aara | ||
| 082 | _a332.673615 | ||
| 100 |
_aناصري، نفيسة _eمؤلف |
||
| 245 | 0 |
_a الإستثمار الأجنبي المباشر وتمويل التنمية الاقتصادية بالبلدان النامية : _bمع الإشارة إلى حالة الجزائر / _c نفيسة ناصري |
|
| 260 |
_aالجزائر: _bالنشر الجامعي الجديد, _c2021 |
||
| 300 |
_a444 صفحة؛ _bإيضاحات ؛ _c23 سم |
||
| 504 | _aالمراجع ص.419 | ||
| 520 | _aتناول الكاتب الإستثمار الأجنبي المباشر وتمويل التنمية الاقتصادية بالبلدان النامية، حيث تحدث من خلال فصول دراسته عن الاطار النظري للتنمية الاقتصادية و تمويل التنمية الاقتصادية، بالاضافة الى الاطار النظري للاستثمار الأجنبي المباشر ونظرياته، والاتفاقيات الدولية وواقع الاستثمار الأجنبي المباشر في الجزائر مع تقييم مناخه. | ||
| 653 | _aالاستثمارات الأجنبية - الجزائر | ||
| 942 | _cكتاب | ||
| 999 |
_c45153 _d45153 |
||